Poslední legrace : (výbor z básnického díla) /

Dvojjazyčné latinsko-české vydání je výborem z díla významného římského básníka, proslulého především schopností vložit do svých veršů vtip a odlehčení.

Hlavní autor: Ausonius, Decimus Magnus, 310-393
Další autoři: Putna, Martin C., 1968-, Šiktanc, Karel, 1928-2021, Bažil, Martin, 1973-, Neuhöfer, Rudolf, 1876-1945
Jazyk: Latina
Čeština
Vydáno: Praha : Herrmann a synové, 2019
Vydání: Vydání první
Edice: Poslední Římané
Témata:
Fyzický popis: 309 stran ; 17 cm
Language note: V latinském originále se souběžným českým překladem, český úvod, anglické resumé
Knihy
Uloženo v:
LEADER 02997nam a2200565 i 4500
001 nkc20193159340
003 CZ PrNK
005 20191216143604.0
007 ta
008 191113s2019 xr g 000 p cze
015 |a cnb003159340 
020 |a 978-80-87054-61-1  |q (vázáno) 
035 |a (OCoLC)1135611647 
040 |a ABG001  |b cze  |e rda 
041 1 |a cze  |a lat  |b eng  |h lat 
072 7 |a 821.124-1  |x Latinská poezie, latinsky psaná  |2 Konspekt  |9 25 
080 |a 821.124-1  |2 MRF 
080 |a (0:82-1)  |2 MRF 
080 |a (082.21)  |2 MRF 
080 |a (0.027)=030  |2 MRF 
080 |a (0.072)  |2 MRF 
100 1 |a Ausonius, Decimus Magnus,  |d 310-393  |7 jn20010601050  |4 aut 
245 1 0 |a Poslední legrace :  |b (výbor z básnického díla) /  |c Ausonius ; překlad Martin C. Putna, Karel Šiktanc, Martin Bažil a Rudolf Neuhöfer 
250 |a Vydání první 
264 1 |a Praha :  |b Herrmann a synové,  |c 2019 
300 |a 309 stran ;  |c 17 cm 
336 |a text  |b txt  |2 rdacontent 
337 |a bez média  |b n  |2 rdamedia 
338 |a svazek  |b nc  |2 rdacarrier 
490 1 |a Poslední Římané 
520 2 |a Dvojjazyčné latinsko-české vydání je výborem z díla významného římského básníka, proslulého především schopností vložit do svých veršů vtip a odlehčení.  |b Ausonius je v současné době považován za jednoho z nejvýznamnějších básníků pozdní antiky. Jeho dílo vyniká nejen vtipem a humorem, ale i smyslem pro intelektuální výřečnost či jazykovým eskamotérstvím. Polohy jeho veršů pak dokáží nalézt i křehký intimní akcent, zachytit kouzlo krajiny nebo zalistovat v poněkud posmutnělých vlastních vzpomínkách. I když se v jeho tvorbě také objevují motivy zbožnosti či křesťanského rozjímání, přesto zůstává básníkem, jenž se v groteskních a komických obrysech, epigramatickou zkratkou a vůbec svými "bláznivými verši" vyjadřoval ke světu, v němž žil, k jeho politice, náboženství nebo naopak k jeho až poživačné neřestnosti. 
546 |a V latinském originále se souběžným českým překladem, český úvod, anglické resumé 
655 7 |a latinská poezie  |7 fd132725  |2 czenas 
655 7 |a výbory  |7 fd133853  |2 czenas 
655 7 |a dvojjazyčná vydání  |7 fd194533  |2 czenas 
655 7 |a komentovaná vydání  |7 fd132577  |2 czenas 
655 9 |a Latin poetry  |2 eczenas 
655 9 |a selected works  |2 eczenas 
655 9 |a bilingual editions  |2 eczenas 
655 9 |a annotated editions  |2 eczenas 
700 1 |a Putna, Martin C.,  |d 1968-  |7 jn19990009959  |4 trl  |4 waw 
700 1 |a Šiktanc, Karel,  |d 1928-2021  |7 jk01122896  |4 trl 
700 1 |a Bažil, Martin,  |d 1973-  |7 mzk2011643000  |4 trl 
700 1 |a Neuhöfer, Rudolf,  |d 1876-1945  |7 jk01090031  |4 trl 
830 0 |a Poslední Římané  |0 s 
910 2 |a BOA001  |b 1-1436.982 
990 |a BK 
995 |a 01 
991 |b 201911  |c NOV 
996 6 |b 2610805879  |c 1-1436.982  |l MZK  |r Sklad / do 1 hodiny  |n 3  |p p.v.  |w 001768082  |u 000010  |a 1  |e BOA001  |j MZK50  |s P